000 01378cam a2200373 a 4500
003 CHAP
005 20220329142427.0
007 z
008 010119d1996 mx 10 spa d
010 _a83291
011 _a84263
020 _a9701310640
035 _a94782
040 _cCHAP
090 _aCD-74
110 1 _aInstituto Nacional de Estadística, Geografía e Informática. México
_959304
245 0 _aSAIC (disco compacto) :
_bSistema automatizado de información censal 3.1 censos económicos 1994
_c/por Instituto Nacional de Estadística, Geografía e Informática.
260 _aAguascalientes, Ags. :
_bInstituto Nacional de Estadística, Geografía e Informática,
_c1996.
300 _a1 disco compacto
_c5 1/4 plgs.
590 _aBATCH-UPD
_b10
_c20130110
_lUCH01
_h0929
590 _aBATCH-UPD
_b10
_c20130410
_lUCH01
_h0549
590 _aBATCH-UPD
_b10
_c20130914
_lUCH01
_h1634
590 _aCONVERSION
_b10
_c20130109
_lUCH01
_h1346
650 1 4 _aIndustria
_xEstadísticas
_zMéxico.
_957721
650 1 4 _aIndustria
_xMéxico.
_957751
650 1 4 _aMéxico
_xCensos (1994)
_976662
650 1 4 _aMéxico
_xEstadísticas.
_976743
650 1 4 _aSistema de información.
_9106707
650 1 4 _aTrabajo y trabajadores
_xEstadísticas.
_9114522
901 _aBK
905 _aEdna Luz
942 _cCD
949 _aCD-74
_bBC
_cCD
_d33724000809513
_eCD
_i94782
_sb
999 _c83291
_d83291